| 000 | 00595nam a2200193 a 4500 | ||
|---|---|---|---|
| 005 | 20230209063622.0 | ||
| 008 | 991125s1983 mx 000 0 spa u | ||
| 020 | _a968580429X | ||
| 035 | _aUPN01000028194 | ||
| 049 | _aCG | ||
| 050 | 4 |
_aLA427 _bE8.3 |
|
| 100 | 1 | _aEstrada Ocampo, Humberto | |
| 245 | 1 | 0 |
_aHistoria de los cursos de posgrado de la UNAM / _cHumberto Estrada Ocampo. |
| 260 |
_aMéxico : _bUNAM, Dirección General de Publicaciones, _c1983. |
||
| 300 | _a649 p. | ||
| 650 | 4 |
_aEducación superior _zMéxico _xHistoria _913481 |
|
| 905 | _aLibro | ||
| 999 |
_c28194 _d28194 |
||